000 00532nam a2200217 a 4500
999 _c6063
_d6063
001 6063
003 BD-JhCC
005 20180101170053.0
008 180101s e a|||| || | 000 0 eng d
035 _a(BD-JhCC)6063
040 _aBD-JhCC
_dBD-JhCC
041 _aeng
082 _a648.5
_bGOA
100 _aGoaman, Muriel
245 _aJudy's Book of Housework /
_cMuriel Goaman,
260 _aLondon :
_bFaber and Faber Ltd,
300 _a35 p. :
_c22 cm.
650 _aHome Economics
942 _2ddc
_cBK